LIBRARY & INFORMATION CENTRE, KCAET, TAVANUR

ONLINE PUBLIC ACCESS CATALOGUE (OPAC)

Mechanical engineering hand book / (Record no. 11104)

MARC details
000 -LEADER
fixed length control field 00548cam a2200229ua 4500
041 ## - LANGUAGE CODE
Language code of text/sound track or separate title eng
082 ## - DEWEY DECIMAL CLASSIFICATION NUMBER
Classification number 621.8
Item number BAN/ME
100 ## - MAIN ENTRY--AUTHOR NAME
Personal name Banga, T.R.
245 ## - TITLE STATEMENT
Title Mechanical engineering hand book /
250 ## - EDITION STATEMENT
Edition statement 2 /
260 ## - PUBLICATION, DISTRIBUTION, ETC. (IMPRINT)
Place of publication Delhi :
Name of publisher Khanna publishers ,
Year of publication 1991.
300 ## - PHYSICAL DESCRIPTION
Number of Pages 804 ; .
500 ## - GENERAL NOTE
General note * CSS
700 1# - ADDED ENTRY--PERSONAL NAME
Personal name Sharma, S.C.
700 1# - ADDED ENTRY--PERSONAL NAME
Personal name Tahil, Manghnani .
942 ## - ADDED ENTRY ELEMENTS (KOHA)
Koha item type Books

No items available.

free website counter